| 000 | 00518cam a22001337a 4500 | ||
|---|---|---|---|
| 008 | 180718b1977 xxu||||| |||| 00| 0 eng d | ||
| 082 | _aRx5413 B545 | ||
| 100 | _aBiswas, R. K. | ||
| 245 |
_aReport on an awareness-building camp conducted in two colliery colonies of the Central Coalfields in Bhurkhunda area (district Hazaribagh), November 6-16, 1977 _cby R. K. Biswas |
||
| 260 |
_aRanchi _bXavier Institute of Social Service _c1977 |
||
| 300 | _axv,52p. | ||
| 650 | _a(Written off) | ||
| 650 | _aLabour - India - Bihar | ||
| 999 |
_c342144 _d342144 |
||